Команды-победители Лиги чемпионов УЕФА - Statistics

General Stats
  • This quiz has been taken 23 times
  • The average score is 5 of 24
Answers on the Grid
Answers color-coded by a green-red scale on the quiz's grid according to % correct below.
Лион
Фенербахче
Миланская
Аякс
Арсенал
Астон Вилла
Атлетико Мадрид
Бавария Мюнхен
Бенфика
Боруссия Дортмунд
Селтик
Челси
Црвена звезда
Динамо Загреб
Барселона
ФКСБ
Фейеноорд Роттердам
Галатасарай
Гамбургер
Интернационале Милан
Ювентус
Лидс Юнайтед
ФК Линз
Ливерпуль
Манчестер Сити
Манчестер Юнайтед
Марсель
Ноттингем Форест
Пари Сен-Жермен
Порту
ПСВ Эйндховен
Реал Мадрид
Рома
Тоттенхэм Хотспур
Вольфсбург
Динамо Тбилиси
Динамо Батуми
Заря Луганск
Александрия
 
Answer Stats
Answer % Correct
Порту
63%
Аякс
50%
Челси
38%
Ливерпуль
38%
Манчестер Сити
38%
Пари Сен-Жермен
38%
Реал Мадрид
38%
Астон Вилла
25%
Бавария Мюнхен
25%
Боруссия Дортмунд
25%
Барселона
25%
Интернационале Милан
25%
Ювентус
25%
Манчестер Юнайтед
25%
Миланская
13%
Селтик
13%
ФКСБ
13%
Ноттингем Форест
13%
Бенфика
0%
Црвена звезда
0%
Фейеноорд Роттердам
0%
Гамбургер
0%
Марсель
0%
ПСВ Эйндховен
0%
No matching quizzes found
Score Distribution
Percent of People with Each Score
Percentile by Number Answered
Your Score History
You have not taken this quiz